00676nam a2200193Ia 4500008004100000020001500041082001500056100002300071245007000094250000800164260004600172300003300218500001900251600002100270650005000291942000700341952011700348999001700465240925s9999 xx 000 0 und d a8177589938 a004.22 STA aStallings, William 0aComputer Organization and Architecture: designing for performance a7th aNew Delhi:bPearson Printice Hallc,2006. axxviii,1134p.bNAfPhotocopy aIncludes Index aComputer Science aComputer science, information & general works cBK 001040708CSaUITUbUITUd2008-08-21eF.B.Cg450.00l0o004.22 STApQ7524r2024-09-25 07:14:38w2024-09-25yBK c10023d10023